000 00892nam a2200217Ii 4500
003 JO-AjNU
008 230605s9999||||xx |||||||||||||| ||und||
020 _a978-1-56564-475-5
040 _aJO-AjNU
_bara
_erda
_cJO-AjNU
041 _aara
050 1 4 _aBP166.7 2012
100 3 _aالعلواني، مصطفى جابر فياض,
_eauthor
_952367
245 0 0 _aعالمية الخطاب القرآني : دراسة تحليلية في السور المسبحات الخمس
250 _aط1
264 3 1 _aفيرجينيا: المعهد العالمي للفكر الاسلامي، 2012
300 _a328ص
_bالمراجع ص 305-319 ؛ الكشاف ص 321-326
336 _atext
_btxt
_2rdacontent
337 _aunmediated
_bn
_2rdamedia
338 _avolume
_bnc
_2rdacarrier
650 4 _aالدراسات القرآنية- الفكر الاسلامي- علم الاجتماع
_952368
999 _aA23193
_c26761
_d26761